[Event "Club 608 Online 1 - Open B (-1600)"]
[Date "2021.04.10"]
[Round "2.14"]
[White "Butnaru, Dana"]
[Black "Robert, Six"]
[Result "1/2-1/2"]
[BlackElo "1187"]
[WhiteCountry "FRA"]
[WhiteElo "1373"]
[WhiteFideId "45136122"]

{Clock started by White.} 1. e4 {[%clk 0:50:03.9]} e5 {[%clk 0:50:06.2]} 2. Nf3 {[%clk 0:50:03.7]} Nc6 {[%clk 0:50:13.5]} 3. Bc4 {[%clk 0:50:08.5]} Nf6 {[%clk 0:50:20.7]} 4. Nc3 {[%clk 0:50:12.8]} Bc5 {[%clk 0:50:27.2]} 5. d3 {[%clk 0:50:11.7]} h6 {[%clk 0:50:33.7]} 6. 0-0 {[%clk 0:50:10.1]} d6 {[%clk 0:50:39.6]} 7. Be3 {[%clk 0:50:02.0]} Bb6 {[%clk 0:50:44.5]} 8. h3 {[%clk 0:50:04.2]} 0-0 {[%clk 0:50:47.1]} 9. Qd2 {[%clk 0:47:47.9]} Kh7 {[%clk 0:50:35.3]} 10. Nd5 {[%clk 0:45:48.3]} Nxd5 {[%clk 0:50:25.4]} 11. Bxd5 {[%clk 0:45:30.8]} Be6 {[%clk 0:50:24.9]} 12. Bb3 {[%clk 0:45:17.1]} Bxb3 {[%clk 0:50:15.0]} 13. axb3 {[%clk 0:45:21.5]} Nd4 {[%clk 0:49:57.3]} 14. Nxd4 {[%clk 0:44:27.2]} Bxd4 {[%clk 0:49:58.7]} 15. Bxd4 {[%clk 0:44:14.1]} exd4 {[%clk 0:50:05.7]} 16. Qb4 {[%clk 0:44:05.0]} b6 {[%clk 0:49:12.2]} 17. Qxd4 {[%clk 0:43:32.6]} Qg5 {[%clk 0:48:50.7]} 18. Qc4 {[%clk 0:39:18.9]} c5 {[%clk 0:48:43.1]} 19. Rfd1 {[%clk 0:36:26.4]} f5 {[%clk 0:48:37.3]} 20. Qd5 {[%clk 0:34:50.4]} Qf4 {[%clk 0:47:36.0]} 21. exf5 {[%clk 0:33:50.8]} Qxf5 {[%clk 0:47:17.2]} 22. Qxf5+ {[%clk 0:33:47.3]} Rxf5 {[%clk 0:47:24.9]} 23. Re1 {[%clk 0:33:12.5]} Re5 {[%clk 0:47:14.1]} 24. Rxe5 {[%clk 0:33:05.7]} dxe5 {[%clk 0:47:21.3]} 25. Re1 {[%clk 0:33:08.9]} Re8 {[%clk 0:47:26.9]} 26. f4 {[%clk 0:33:05.5]} Kg6 {[%clk 0:47:22.5]} 27. fxe5 {[%clk 0:32:21.5]} Kf5 {[%clk 0:47:21.7]} 28. Rf1+ {[%clk 0:28:42.6]} Ke6 {[%clk 0:47:24.1]} 29. Kh2 {[%clk 0:26:44.7]} Kd5 {[%clk 0:46:59.5]} 30. Rf7 {[%clk 0:26:43.7]} Rxe5 {[%clk 0:46:57.1]} 31. Rxa7 {[%clk 0:26:27.4]} Re2 {[%clk 0:46:55.3]} 32. c4+ {[%clk 0:24:19.3]} Kd4 {[%clk 0:46:01.1]} 33. Rxg7 {[%clk 0:22:23.1]} Kxd3 {[%clk 0:45:58.6]} 34. Rg6 {[%clk 0:21:58.9]} Rxb2 {[%clk 0:45:53.7]} 35. Rxb6 {[%clk 0:22:00.4]} h5 {[%clk 0:45:51.4]} 36. Rd6+ {[%clk 0:20:01.7]} Kc3 {[%clk 0:45:50.0]} 37. Rd5 {[%clk 0:19:20.7]} Kb4 {[%clk 0:45:44.1]} 38. Rxh5 {[%clk 0:18:55.1]} Rxb3 {[%clk 0:45:35.1]} 39. Rh4 {[%clk 0:16:46.3]} Rc3 {[%clk 0:45:29.1]} 40. g3 {[%clk 0:14:58.8]} Rc2+ {[%clk 0:45:19.7] White offered a draw.} 41. Kg1 {[%clk 0:13:10.7]} Rxc4 {[%clk 0:45:22.1]} 42. Rxc4+ {[%clk 0:13:13.2]} Kxc4 {[%clk 0:45:30.2]} 43. g4 {[%clk 0:11:14.7]} Kd3 {[%clk 0:45:14.7]} 44. g5 {[%clk 0:10:58.2]} c4 {[%clk 0:45:20.0]} 45. g6 {[%clk 0:10:56.1]} c3 {[%clk 0:45:26.8]} 46. g7 {[%clk 0:11:03.1]} c2 {[%clk 0:45:34.9]} 47. g8=Q {[%clk 0:11:08.7]} c1=Q+ {[%clk 0:45:38.9]} 48. Kh2 {[%clk 0:11:10.2]} Ke4 {[%clk 0:45:01.5] Black offered a draw.} 49. Qe8+ {[%clk 0:10:22.7]} Kf3 {[%clk 0:44:49.2]} 50. Qf7+ {[%clk 0:10:10.5]} Qf4+ {[%clk 0:44:53.0]} 51. Qxf4+ {[%clk 0:09:55.8]} Kxf4 {[%clk 0:44:59.5]} 52. Kg2 {[%clk 0:10:01.6]} Kg5 {[%clk 0:45:00.5]} 53. Kg3 {[%clk 0:10:09.1]} Kh5 {[%clk 0:45:08.7]} 54. h4 {[%clk 0:09:56.7]} Kh6 {[%clk 0:45:14.5]} 55. Kg4 {[%clk 0:10:02.7]} Kg6 {[%clk 0:45:21.9]} 56. h5+ {[%clk 0:10:07.0]} Kh6 {[%clk 0:45:29.6]} 57. Kh4 {[%clk 0:10:15.0]} Kh7 {[%clk 0:45:37.3]} 58. Kg5 {[%clk 0:10:23.1]} Kg7 {[%clk 0:45:44.9]} 59. h6+ {[%clk 0:10:16.3]} Kh7 {[%clk 0:45:50.8]} 60. Kh5 {[%clk 0:10:22.1]} Kh8 {[%clk 0:45:58.7]} 61. Kg6 {[%clk 0:10:29.5]} Kg8 {[%clk 0:46:06.2]} 62. Kh5 {[%clk 0:10:31.8]} Kh7 {[%clk 0:46:13.5]} 63. Kg5 {[%clk 0:10:39.9]} Kh8 {[%clk 0:46:20.8]} 64. Kg6 {[%clk 0:10:44.1]} Kg8 {[%clk 0:46:26.4]} 65. h7+ {[%clk 0:10:48.0]} Kh8 {[%clk 0:46:33.9]} 66. Kh6 {[%clk 0:10:55.8]} {Stalemate} 1/2-1/2

[Event "Club 608 Online 1 - Open B (-1600)"]
[Date "2021.04.10"]
[Round "2.16"]
[White "Migus, Ethan"]
[Black "Guillaume, Gérard"]
[Result "1/2-1/2"]
[BlackElo "1335"]
[WhiteElo "1102"]
[WhiteFideId "551047954"]

{Clock started by Black.} 1. d4 {[%clk 0:50:08.2]} d5 {[%clk 0:50:03.9]} 2. Nf3 {[%clk 0:50:16.1]} Nf6 {[%clk 0:50:00.4]} 3. g3 {[%clk 0:50:22.3]} e6 {[%clk 0:49:54.3]} 4. Bg2 {[%clk 0:50:28.6]} Be7 {[%clk 0:49:57.6]} 5. 0-0 {[%clk 0:50:31.8]} 0-0 {[%clk 0:50:03.3]} 6. Bf4 {[%clk 0:50:34.1]} Nc6 {[%clk 0:49:53.9]} 7. c4 {[%clk 0:50:25.9]} Bd6 {[%clk 0:48:58.8]} 8. cxd5 {[%clk 0:49:42.2]} exd5 {[%clk 0:48:16.5]} 9. Bg5 {[%clk 0:49:07.4]} h6 {[%clk 0:47:52.4]} 10. Bxf6 {[%clk 0:49:12.5]} Qxf6 {[%clk 0:47:51.0]} 11. Nc3 {[%clk 0:49:14.1]} Be6 {[%clk 0:46:59.0]} 12. e3 {[%clk 0:48:59.1]} Ne7 {[%clk 0:46:34.8]} 13. e4 {[%clk 0:47:36.9]} Bb4 {[%clk 0:44:54.8]} 14. e5 {[%clk 0:43:12.9]} Qg6 {[%clk 0:44:28.4]} 15. a3 {[%clk 0:37:28.8]} Ba5 {[%clk 0:44:15.5]} 16. b4 {[%clk 0:37:30.1]} Bb6 {[%clk 0:44:09.6]} 17. a4 {[%clk 0:37:25.2]} c6 {[%clk 0:43:56.4]} 18. a5 {[%clk 0:37:27.8]} Bc7 {[%clk 0:43:52.9]} 19. Re1 {[%clk 0:35:55.2]} a6 {[%clk 0:43:26.2]} 20. Na4 {[%clk 0:35:01.8]} Rfc8 {[%clk 0:39:23.4]} 21. Nc5 {[%clk 0:27:23.9]} b6 {[%clk 0:37:57.8]} 22. Nd3 {[%clk 0:27:00.0]} Bg4 {[%clk 0:37:02.9]} 23. Qd2 {[%clk 0:23:11.7]} Bxf3 {[%clk 0:35:21.0]} 24. Bxf3 {[%clk 0:23:16.4]} bxa5 {[%clk 0:35:05.8]} 25. bxa5 {[%clk 0:23:11.8]} Re8 {[%clk 0:31:56.1]} 26. Nf4 {[%clk 0:21:30.9]} Qh7 {[%clk 0:31:32.6]} 27. Re2 {[%clk 0:20:27.2]} Rab8 {[%clk 0:28:39.8]} 28. Bg4 {[%clk 0:17:57.7]} Rb1+ {[%clk 0:28:07.2]} 29. Rxb1 {[%clk 0:17:57.5]} Qxb1+ {[%clk 0:28:09.6]} 30. Kg2 {[%clk 0:17:32.5]} Qa1 {[%clk 0:26:39.2]} 31. Qa2 {[%clk 0:17:27.3]} Qxd4 {[%clk 0:23:43.4]} 32. Qb2 {[%clk 0:16:25.8]} Qxb2 {[%clk 0:22:53.9]} 33. Rxb2 {[%clk 0:16:29.5]} Rb8 {[%clk 0:22:16.4]} 34. Rxb8+ {[%clk 0:16:03.5]} Bxb8 {[%clk 0:22:18.6]} 35. e6 {[%clk 0:15:58.7]} Bc7 {[%clk 0:20:12.1]} 36. exf7+ {[%clk 0:15:40.5]} Kxf7 {[%clk 0:20:16.1]} 37. Be2 {[%clk 0:15:48.0] White offered a draw.} Bxa5 {[%clk 0:19:26.3]} 38. Bxa6 {[%clk 0:15:52.0] White offered a draw.} d4 {[%clk 0:17:46.8]} 39. Bc4+ {[%clk 0:15:42.7]} Kf6 {[%clk 0:17:23.2]} 40. Kf3 {[%clk 0:15:37.0]} g6 {[%clk 0:16:31.3]} 41. Ke4 {[%clk 0:15:39.3]} c5 {[%clk 0:16:01.3]} 42. Nd5+ {[%clk 0:13:26.9] White offered a draw.} Nxd5 {[%clk 0:15:38.5]} 43. Bxd5 {[%clk 0:13:25.8]} Bc7 {[%clk 0:14:19.4]} 44. Bc4 {[%clk 0:13:27.5]} Ke7 {[%clk 0:13:45.6]} 45. f4 {[%clk 0:13:26.9]} Kd6 {[%clk 0:13:09.1]} 46. h4 {[%clk 0:13:32.2]} Bd8 {[%clk 0:12:50.6]} 47. Kf3 {[%clk 0:13:12.0]} g5 {[%clk 0:11:32.9]} 48. Kg4 {[%clk 0:13:12.6]} gxf4 {[%clk 0:11:22.4]} 49. Kxf4 {[%clk 0:13:14.9]} Be7 {[%clk 0:10:24.3]} 50. Ke4 {[%clk 0:13:14.8] White offered a draw.} Bf6 {[%clk 0:09:40.1]} 51. h5 {[%clk 0:13:17.3]} Bg5 {[%clk 0:08:28.8]} 52. g4 {[%clk 0:13:20.1] White offered a draw.} Kc7 {[%clk 0:07:52.7]} 53. Kd5 {[%clk 0:13:23.0]} Kb6 {[%clk 0:07:38.3]} 54. Be2 {[%clk 0:13:20.8]} Ka5 {[%clk 0:07:24.3]} 55. Kxc5 {[%clk 0:13:25.7]} Be3 {[%clk 0:07:19.9]} 56. Kc4 {[%clk 0:13:28.3] White offered a draw.} Kb6 {[%clk 0:07:11.6]} 57. Kb4 {[%clk 0:13:20.2]} Kc6 {[%clk 0:07:06.9]} 58. Kc4 {[%clk 0:13:25.8] White offered a draw.} Kd6 {[%clk 0:07:12.1]} 59. Kd3 {[%clk 0:13:32.1]} Ke5 {[%clk 0:07:01.2]} 60. Bd1 {[%clk 0:13:32.0]} Kf4 {[%clk 0:07:02.2]} 61. Be2 {[%clk 0:13:37.2]} Kg5 {[%clk 0:06:57.4]} 62. Bd1 {[%clk 0:13:41.2]} Kf4 {[%clk 0:06:47.1]} 63. Be2 {[%clk 0:13:46.9]} Kg5 {[%clk 0:06:53.1]} 64. Bd1 {[%clk 0:13:51.2]} Kf4 {[%clk 0:06:59.4]} {Draw by Repetition} 1/2-1/2

[Event "Club 608 Online 1 - Open B (-1600)"]
[Date "2021.04.10"]
[Round "2.17"]
[White "Rodionov, Vadim"]
[Black "Nicolas, Quentin"]
[Result "1-0"]
[BlackElo "1099"]
[WhiteCountry "FRA"]
[WhiteElo "1254"]
[WhiteFideId "45195943"]

{Clock started by White.} 1. d4 {[%clk 0:50:08.1]} Nf6 {[%clk 0:49:51.7]} 2. c4 {[%clk 0:50:15.7]} g6 {[%clk 0:49:47.2]} 3. Nc3 {[%clk 0:50:23.0]} Bg7 {[%clk 0:49:54.0]} 4. e4 {[%clk 0:50:29.6]} d6 {[%clk 0:50:01.2]} 5. f3 {[%clk 0:50:37.3]} 0-0 {[%clk 0:49:53.6]} 6. Be3 {[%clk 0:50:42.3]} Nbd7 {[%clk 0:49:22.9]} 7. Bd3 {[%clk 0:50:49.2]} e5 {[%clk 0:48:39.2]} 8. d5 {[%clk 0:50:56.5]} b6 {[%clk 0:48:06.3]} 9. Nge2 {[%clk 0:50:59.5]} a5 {[%clk 0:46:37.8]} 10. 0-0 {[%clk 0:50:55.7]} Nc5 {[%clk 0:45:21.3]} 11. Bc2 {[%clk 0:51:01.9]} Bd7 {[%clk 0:45:05.3]} 12. a3 {[%clk 0:51:07.8]} Nb7 {[%clk 0:42:34.6]} 13. b4 {[%clk 0:51:06.6]} axb4 {[%clk 0:42:40.1]} 14. axb4 {[%clk 0:51:13.7]} Rxa1 {[%clk 0:42:47.3]} 15. Qxa1 {[%clk 0:51:19.5]} Qa8 {[%clk 0:42:54.4]} 16. Qb2 {[%clk 0:51:23.4]} Qd8 {[%clk 0:36:48.8]} 17. Ra1 {[%clk 0:51:28.1]} Qe7 {[%clk 0:36:46.7]} 18. Ra7 {[%clk 0:51:23.9]} Rb8 {[%clk 0:36:25.0]} 19. Qa3 {[%clk 0:51:27.5]} Qd8 {[%clk 0:35:28.7]} 20. Qa6 {[%clk 0:51:33.1]} Bc8 {[%clk 0:34:35.9]} 21. Qa3 {[%clk 0:51:19.2]} Bd7 {[%clk 0:33:43.9]} 22. Qa2 {[%clk 0:50:37.0]} Nh5 {[%clk 0:31:12.1]} 23. Ba4 {[%clk 0:50:13.5]} Nf4 {[%clk 0:30:07.8]} 24. Bxf4 {[%clk 0:49:36.1]} exf4 {[%clk 0:30:15.2]} 25. Nxf4 {[%clk 0:49:43.7]} Bxc3 {[%clk 0:30:22.6]} 26. Bc6 {[%clk 0:49:27.1]} Qc8 {[%clk 0:29:43.1]} 27. Qa6 {[%clk 0:49:26.0]} Bxc6 {[%clk 0:29:29.8]} 28. dxc6 {[%clk 0:49:18.1]} Nd8 {[%clk 0:29:36.5]} 29. b5 {[%clk 0:49:24.6]} Qxa6 {[%clk 0:29:18.1]} 30. Rxa6 {[%clk 0:49:27.6]} Ba5 {[%clk 0:29:04.0]} 31. Nd5 {[%clk 0:49:28.0]} Ne6 {[%clk 0:28:39.8]} 32. Ra7 {[%clk 0:49:32.8]} Rc8 {[%clk 0:28:16.6]} 33. Ne7+ {[%clk 0:49:39.5]} Kf8 {[%clk 0:28:13.0]} 34. Nxc8 {[%clk 0:49:47.6]} f6 {[%clk 0:27:32.8]} 35. Ra8 {[%clk 0:49:50.9]} Kf7 {[%clk 0:27:39.7]} 36. Kf2 {[%clk 0:49:38.4]} f5 {[%clk 0:27:08.8]} 37. exf5 {[%clk 0:49:36.1]} gxf5 {[%clk 0:27:16.4]} 38. Ra7 {[%clk 0:49:43.7]} Kf6 {[%clk 0:26:42.9]} 39. Ke3 {[%clk 0:49:37.2]} h5 {[%clk 0:26:17.3]} 40. h3 {[%clk 0:49:35.4]} h4 {[%clk 0:26:19.4]} 41. Kd3 {[%clk 0:49:29.4]} f4 {[%clk 0:24:33.3]} 42. Ke4 {[%clk 0:49:25.7]} Bd2 {[%clk 0:24:11.9]} 43. Ra2 {[%clk 0:49:15.3]} Be3 {[%clk 0:24:12.0]} 44. Ra1 {[%clk 0:48:57.8]} Nc5+ {[%clk 0:23:50.4]} 45. Kd5 {[%clk 0:48:59.2]} Nb3 {[%clk 0:22:32.2]} 46. Ra7 {[%clk 0:48:58.8]} Nc1 {[%clk 0:21:45.5]} 47. Rxc7 {[%clk 0:49:02.8]} Bc5 {[%clk 0:21:31.0]} 48. Nxd6 {[%clk 0:48:59.5]} Ne2 {[%clk 0:21:26.5]} 49. Ne4+ {[%clk 0:49:03.7]} Kf5 {[%clk 0:21:32.1]} 50. Nxc5 {[%clk 0:49:10.6]} {Black Resigned} 1-0

[Event "Club 608 Online 1 - Open B (-1600)"]
[Date "2021.04.10"]
[Round "2.18"]
[White "Tu, Léonie"]
[Black "Tu, Mathias"]
[Result "1-0"]
[BlackElo "1051"]
[WhiteElo "1217"]

{Clock started by Black.} 1. e4 {[%clk 0:50:04.7]} e5 {[%clk 0:50:06.5]} 2. Nf3 {[%clk 0:50:07.3]} Nc6 {[%clk 0:50:07.4]} 3. Bb5 {[%clk 0:50:08.4]} a6 {[%clk 0:50:08.3]} 4. Ba4 {[%clk 0:50:11.0]} b5 {[%clk 0:50:09.4]} 5. Bb3 {[%clk 0:50:10.2]} d6 {[%clk 0:49:33.8]} 6. c3 {[%clk 0:49:34.1]} Nf6 {[%clk 0:49:36.0]} 7. d3 {[%clk 0:48:43.7]} Be7 {[%clk 0:49:19.2]} 8. 0-0 {[%clk 0:48:31.7]} 0-0 {[%clk 0:49:24.3]} 9. Re1 {[%clk 0:48:20.4]} Bg4 {[%clk 0:49:17.3]} 10. Nbd2 {[%clk 0:48:11.7]} Rb8 {[%clk 0:48:22.5]} 11. Nf1 {[%clk 0:47:09.3]} Nd7 {[%clk 0:48:22.5]} 12. h3 {[%clk 0:46:41.1]} Be6 {[%clk 0:48:11.4]} 13. Bc2 {[%clk 0:45:59.5]} Bf6 {[%clk 0:48:10.9]} 14. d4 {[%clk 0:45:34.1]} d5 {[%clk 0:47:17.3]} 15. Ng3 {[%clk 0:41:27.4]} Nb6 {[%clk 0:47:03.7]} 16. dxe5 {[%clk 0:36:01.8]} Nxe5 {[%clk 0:46:10.2]} 17. exd5 {[%clk 0:34:40.4]} Nxf3+ {[%clk 0:45:59.6]} 18. Qxf3 {[%clk 0:34:09.0]} Bxd5 {[%clk 0:45:59.1]} 19. Qd3 {[%clk 0:33:31.1]} c5 {[%clk 0:45:02.8]} 20. Qxh7# {[%clk 0:33:27.5]} 1-0

[Event "Club 608 Online 1 - Open B (-1600)"]
[Date "2021.04.10"]
[Round "2.20"]
[White "Nicot, Valentin"]
[Black "Jouandet, Alfons"]
[Result "1/2-1/2"]
[BlackElo "1199"]
[WhiteElo "1041"]

1. e4 {[%clk 0:50:10.0]} e6 {[%clk 0:49:58.1]} 2. d4 {[%clk 0:50:02.6]} d5 {[%clk 0:49:35.7]} 3. Nc3 {[%clk 0:49:57.4]} dxe4 {[%clk 0:49:23.4]} 4. Nxe4 {[%clk 0:50:00.0]} Nd7 {[%clk 0:49:05.1]} 5. g3 {[%clk 0:49:49.1]} Ngf6 {[%clk 0:48:58.8]} 6. Nxf6+ {[%clk 0:49:25.1]} Nxf6 {[%clk 0:48:46.9]} 7. Bg2 {[%clk 0:48:40.6]} c5 {[%clk 0:48:29.6]} 8. Ne2 {[%clk 0:47:50.4]} cxd4 {[%clk 0:48:20.2]} 9. Nxd4 {[%clk 0:47:38.4]} e5 {[%clk 0:48:16.3]} 10. Nf3 {[%clk 0:47:30.8]} Qxd1+ {[%clk 0:48:19.4]} 11. Kxd1 {[%clk 0:47:36.5]} Bg4 {[%clk 0:48:21.2]} 12. Re1 {[%clk 0:47:40.3]} e4 {[%clk 0:48:08.9]} 13. h3 {[%clk 0:47:39.5]} 0-0-0 {[%clk 0:48:06.7]} 14. Bd2 {[%clk 0:47:29.3]} Bxf3+ {[%clk 0:48:05.2]} 15. Bxf3 {[%clk 0:47:32.1]} exf3 {[%clk 0:48:09.2]} 16. c3 {[%clk 0:46:59.2]} Bd6 {[%clk 0:48:07.9]} 17. Kc2 {[%clk 0:46:45.4]} Rhe8 {[%clk 0:47:39.6]} 18. g4 {[%clk 0:45:54.9]} Ne4 {[%clk 0:47:16.2]} 19. Be3 {[%clk 0:45:17.7]} Kb8 {[%clk 0:46:47.5]} 20. a4 {[%clk 0:45:09.3]} Bc5 {[%clk 0:46:38.3]} 21. Bf4+ {[%clk 0:44:44.8]} Ka8 {[%clk 0:46:29.3]} 22. Be3 {[%clk 0:44:26.1]} Bxe3 {[%clk 0:46:28.3]} 23. Rxe3 {[%clk 0:44:28.8]} Rd2+ {[%clk 0:46:31.7]} 24. Kb3 {[%clk 0:44:36.3]} Rxf2 {[%clk 0:46:16.5]} 25. Ka3 {[%clk 0:43:10.1]} Re2 {[%clk 0:46:02.4]} 26. Re1 {[%clk 0:42:50.6]} Rxe3 {[%clk 0:45:56.5]} 27. Rxe3 {[%clk 0:42:57.5]} f2 {[%clk 0:45:46.5]} 28. Rf3 {[%clk 0:43:03.8]} Ng5 {[%clk 0:45:45.5]} 29. Rxf2 {[%clk 0:42:57.8]} Nxh3 {[%clk 0:45:47.1]} 30. Rxf7 {[%clk 0:43:05.2]} Rg8 {[%clk 0:45:51.3]} 31. Kb4 {[%clk 0:42:58.2]} Kb8 {[%clk 0:45:53.9]} 32. Kc5 {[%clk 0:43:04.8]} Ng5 {[%clk 0:45:51.5]} 33. Rf5 {[%clk 0:42:47.6]} Ne6+ {[%clk 0:45:33.9]} 34. Kd6 {[%clk 0:42:39.7]} Nd8 {[%clk 0:45:27.1]} 35. b4 {[%clk 0:42:24.2]} Nc6 {[%clk 0:45:07.0]} 36. b5 {[%clk 0:41:58.8]} Rd8+ {[%clk 0:44:58.8]} 37. Kc5 {[%clk 0:41:49.2]} Ne7 {[%clk 0:44:44.3]} 38. Rf7 {[%clk 0:41:41.0]} b6+ {[%clk 0:44:43.1]} 39. Kc4 {[%clk 0:41:07.6]} Rc8+ {[%clk 0:44:29.6]} 40. Kb3 {[%clk 0:40:59.1]} Nd5 {[%clk 0:44:27.2]} 41. c4 {[%clk 0:40:48.6]} Ne3 {[%clk 0:44:27.3]} 42. Rxg7 {[%clk 0:40:52.1]} Rxc4 {[%clk 0:44:25.6]} 43. Re7 {[%clk 0:39:57.3]} Nd5 {[%clk 0:44:15.3]} 44. Re5 {[%clk 0:39:40.3]} Rd4 {[%clk 0:43:53.1]} 45. Rh5 {[%clk 0:39:28.8]} Nf6 {[%clk 0:43:43.2]} 46. Rh6 {[%clk 0:39:25.0]} Nxg4 {[%clk 0:43:45.9]} 47. Rxh7 {[%clk 0:39:33.3]} a5 {[%clk 0:43:42.8]} 48. bxa6 {[%clk 0:39:18.9]} Rd5 {[%clk 0:43:23.8]} 49. Rb7+ {[%clk 0:39:14.6]} Ka8 {[%clk 0:43:24.6]} 50. Rxb6 {[%clk 0:39:17.6]} Ne5 {[%clk 0:43:08.2]} 51. Kc3 {[%clk 0:38:45.2]} Nd7 {[%clk 0:42:44.7]} 52. Rh6 {[%clk 0:38:36.2]} Nb8 {[%clk 0:42:17.3]} 53. Kc4 {[%clk 0:38:35.7]} Ra5 {[%clk 0:42:18.7]} 54. Kb4 {[%clk 0:38:37.0]} Rxa6 {[%clk 0:42:23.3]} 55. Rxa6+ {[%clk 0:38:43.5]} Nxa6+ {[%clk 0:42:30.8]} 56. Kb5 {[%clk 0:38:52.4]} Nb8 {[%clk 0:42:30.3]} 57. Kc4 {[%clk 0:39:01.0]} Nc6 {[%clk 0:42:34.8]} 58. a5 {[%clk 0:39:09.6]} Nxa5+ {[%clk 0:42:43.1]} {Draw by Insufficient Material} 1/2-1/2

[Event "Club 608 Online 1 - Open A (-2200)"]
[Date "2021.04.10"]
[Round "3.1"]
[White "Gherghinoiu, Lucas"]
[Black "Matsumura, Cocoro"]
[Result "0-1"]
[BlackElo "1924"]
[WhiteElo "2096"]

{Clock started by White.} 1. e4 {[%clk 0:50:04.4]} c5 {[%clk 0:50:00.4]} 2. Nf3 {[%clk 0:50:04.3]} d6 {[%clk 0:50:03.3]} 3. d4 {[%clk 0:50:08.6]} cxd4 {[%clk 0:50:10.8]} 4. Nxd4 {[%clk 0:50:10.7]} Nf6 {[%clk 0:50:18.7]} 5. Nc3 {[%clk 0:50:11.5]} a6 {[%clk 0:50:23.7]} 6. f4 {[%clk 0:50:10.2]} e6 {[%clk 0:49:24.1]} 7. Bd3 {[%clk 0:50:01.6]} Nc6 {[%clk 0:49:21.3]} 8. Nf3 {[%clk 0:50:01.2]} Be7 {[%clk 0:49:17.7]} 9. 0-0 {[%clk 0:50:02.2]} 0-0 {[%clk 0:49:26.1]} 10. Kh1 {[%clk 0:50:04.2]} b5 {[%clk 0:49:26.0]} 11. Qe2 {[%clk 0:49:58.0]} Bb7 {[%clk 0:49:01.8]} 12. Bd2 {[%clk 0:49:41.7]} Qc7 {[%clk 0:48:49.8]} 13. Rae1 {[%clk 0:49:39.4]} Rac8 {[%clk 0:47:42.1]} 14. e5 {[%clk 0:46:50.6]} dxe5 {[%clk 0:46:45.1]} 15. fxe5 {[%clk 0:46:51.6]} Nd7 {[%clk 0:46:50.6]} 16. Qe4 {[%clk 0:45:03.2]} g6 {[%clk 0:46:55.3]} 17. Qe3 {[%clk 0:39:58.4]} Rfd8 {[%clk 0:44:37.8]} 18. Qf4 {[%clk 0:36:12.5]} Nc5 {[%clk 0:42:19.6]} 19. Ne4 {[%clk 0:32:57.1]} Nxe4 {[%clk 0:41:26.4]} 20. Bxe4 {[%clk 0:29:48.8]} Rd7 {[%clk 0:37:37.2]} 21. Bd3 {[%clk 0:27:55.1]} Bf8 {[%clk 0:34:34.7]} 22. Qh4 {[%clk 0:23:25.6]} h5 {[%clk 0:30:23.2]} 23. Qg3 {[%clk 0:21:45.0]} Ne7 {[%clk 0:27:39.1]} 24. Bf4 {[%clk 0:17:28.0]} Bg7 {[%clk 0:24:55.9]} 25. Ng5 {[%clk 0:16:57.6]} Bd5 {[%clk 0:23:18.9]} 26. b3 {[%clk 0:13:48.4]} Qb7 {[%clk 0:22:30.1]} 27. Re2 {[%clk 0:12:38.8]} a5 {[%clk 0:20:12.8]} 28. Qf2 {[%clk 0:08:37.1]} Nf5 {[%clk 0:14:46.1]} 29. Bxf5 {[%clk 0:07:23.9]} exf5 {[%clk 0:14:48.8]} 30. e6 {[%clk 0:06:55.2]} fxe6 {[%clk 0:14:52.9]} 31. Nxe6 {[%clk 0:06:30.8]} Re8 {[%clk 0:13:50.6]} 32. Nxg7 {[%clk 0:05:00.1]} Bxg2+ {[%clk 0:13:05.7]} 33. Kg1 {[%clk 0:03:32.0]} Rxe2 {[%clk 0:12:17.7]} 34. Qxe2 {[%clk 0:03:39.8]} Bxf1 {[%clk 0:12:18.7]} 35. Kxf1 {[%clk 0:02:48.8]} Kxg7 {[%clk 0:11:52.6]} 36. Kg1 {[%clk 0:01:38.7]} Qd5 {[%clk 0:11:38.1]} 37. Kf2 {[%clk 0:00:52.5]} Qd4+ {[%clk 0:10:32.8]} 38. Qe3 {[%clk 0:00:20.2]} Qxe3+ {[%clk 0:09:56.6]} 39. Kxe3 {[%clk 0:00:28.5]} Kf6 {[%clk 0:09:47.5]} 40. h4 {[%clk 0:00:35.0]} Rd1 {[%clk 0:09:20.4]} 41. Bc7 {[%clk 0:00:15.5]} a4 {[%clk 0:09:06.0]} 42. Bb6 {[%clk 0:00:16.1]} Ke6 {[%clk 0:08:59.6]} 43. bxa4 {[%clk 0:00:11.5]} bxa4 {[%clk 0:09:06.4]} 44. a3 {[%clk 0:00:18.2]} Rh1 {[%clk 0:09:03.7]} 45. Bd8 {[%clk 0:00:25.0]} Rh3+ {[%clk 0:09:11.0]} 46. Kf4 {[%clk 0:00:32.5]} Rxa3 {[%clk 0:09:17.3]} {White Resigned} 0-1

[Event "Club 608 Online 1 - Open B (-1600)"]
[Date "2021.04.10"]
[Round "3.1"]
[White "Yastrebov, Andrey"]
[Black "Rakotomamonjy, Logan"]
[Result "1-0"]
[BlackElo "1305"]
[WhiteCountry "FRA"]
[WhiteElo "1442"]
[WhiteFideId "551041936"]

{Clock started by White.} 1. Nf3 {[%clk 0:50:07.2]} Nf6 {[%clk 0:50:04.6]} 2. g3 {[%clk 0:50:03.2]} g6 {[%clk 0:50:10.5]} 3. Bg2 {[%clk 0:49:58.6]} Bg7 {[%clk 0:49:59.6]} 4. c4 {[%clk 0:49:51.0]} c6 {[%clk 0:49:46.2]} 5. 0-0 {[%clk 0:49:30.5]} 0-0 {[%clk 0:49:20.9]} 6. Nc3 {[%clk 0:49:28.0]} d5 {[%clk 0:49:01.0]} 7. cxd5 {[%clk 0:49:19.8]} cxd5 {[%clk 0:47:49.7]} 8. d4 {[%clk 0:49:03.8]} Bf5 {[%clk 0:47:09.7]} 9. Ne5 {[%clk 0:48:55.2]} e6 {[%clk 0:46:02.1]} 10. Re1 {[%clk 0:48:14.3]} Nc6 {[%clk 0:45:19.4]} 11. Nxc6 {[%clk 0:47:03.1]} bxc6 {[%clk 0:45:10.1]} 12. b3 {[%clk 0:46:42.7]} h6 {[%clk 0:44:38.8]} 13. Bb2 {[%clk 0:46:08.2]} g5 {[%clk 0:44:02.5]} 14. Rc1 {[%clk 0:45:57.4]} Qc7 {[%clk 0:43:13.9]} 15. Na4 {[%clk 0:44:58.2]} Ne4 {[%clk 0:42:02.5]} 16. f3 {[%clk 0:43:06.4]} Nd6 {[%clk 0:39:27.8]} 17. e4 {[%clk 0:43:00.7]} Bg6 {[%clk 0:38:04.4]} 18. Ba3 {[%clk 0:42:43.8]} Rfd8 {[%clk 0:37:36.4]} 19. e5 {[%clk 0:42:11.6]} Nb5 {[%clk 0:37:24.6]} 20. Bb2 {[%clk 0:42:07.2]} Re8 {[%clk 0:34:55.4]} 21. Qe2 {[%clk 0:41:20.7]} Rac8 {[%clk 0:34:10.7]} 22. Nc5 {[%clk 0:40:03.6]} h5 {[%clk 0:32:05.1]} 23. a4 {[%clk 0:40:05.1]} Nd6 {[%clk 0:31:47.3]} 24. exd6 {[%clk 0:40:08.8]} Qxd6 {[%clk 0:31:53.0]} 25. a5 {[%clk 0:38:59.3]} Bf5 {[%clk 0:30:03.8]} 26. a6 {[%clk 0:38:49.1]} g4 {[%clk 0:29:45.8]} 27. f4 {[%clk 0:38:50.2]} h4 {[%clk 0:29:43.4]} 28. Nb7 {[%clk 0:37:41.6]} Qe7 {[%clk 0:29:11.7]} 29. Rc5 {[%clk 0:37:30.0]} hxg3 {[%clk 0:28:45.7]} 30. hxg3 {[%clk 0:37:35.1]} Qf6 {[%clk 0:28:43.4]} 31. Nd6 {[%clk 0:37:32.9]} Qg6 {[%clk 0:28:29.4]} 32. Nxe8 {[%clk 0:37:26.7]} Rxe8 {[%clk 0:26:32.4]} 33. Rxc6 {[%clk 0:37:22.9]} {Black Resigned} 1-0

[Event "Club 608 Online 1 - Open C (-1200)"]
[Date "2021.04.10"]
[Round "3.1"]
[White "Pablo, Aubert"]
[Black "Campan, Antoine"]
[Result "1-0"]
[BlackElo "1009"]
[WhiteElo "1199"]

{Clock started by White.} 1. e4 {[%clk 0:50:07.5]} c5 {[%clk 0:50:01.7]} 2. Nf3 {[%clk 0:50:14.6]} Nc6 {[%clk 0:50:05.7]} 3. d4 {[%clk 0:50:22.2]} e6 {[%clk 0:49:17.1]} 4. d5 {[%clk 0:47:30.8]} exd5 {[%clk 0:49:01.2]} 5. exd5 {[%clk 0:47:36.2]} Nce7 {[%clk 0:47:32.2]} 6. Nc3 {[%clk 0:45:52.8]} d6 {[%clk 0:47:13.2]} 7. Bd3 {[%clk 0:44:20.3]} Nf6 {[%clk 0:46:48.8]} 8. Qe2 {[%clk 0:41:53.7]} a6 {[%clk 0:46:28.9]} 9. a4 {[%clk 0:39:48.2]} g6 {[%clk 0:45:26.7]} 10. 0-0 {[%clk 0:38:51.0]} Bg7 {[%clk 0:45:27.4]} 11. Re1 {[%clk 0:38:44.3]} Bg4 {[%clk 0:44:16.9]} 12. h3 {[%clk 0:36:07.0]} Bxf3 {[%clk 0:44:00.2]} 13. Qxf3 {[%clk 0:35:51.9]} 0-0 {[%clk 0:43:47.0]} 14. Bg5 {[%clk 0:35:23.1]} Nc8 {[%clk 0:43:17.7]} 15. Ne4 {[%clk 0:34:15.0]} c4 {[%clk 0:40:32.5]} 16. Nxf6+ {[%clk 0:32:57.3]} Bxf6 {[%clk 0:40:01.0]} 17. Bxf6 {[%clk 0:32:51.5]} Qc7 {[%clk 0:39:42.5]} 18. Qe3 {[%clk 0:30:57.3]} cxd3 {[%clk 0:39:02.6]} 19. Qh6 {[%clk 0:31:02.0]} d2 {[%clk 0:38:33.2]} 20. Qg7# {[%clk 0:31:07.7]} 1-0